Kĩ thuật nuôi tằm thầu dầu lá sắn

Đã lưu trong:
Sonraí Bibleagrafaíochta
Príomhúdar: Trần Thị Đoàn
Formáid: Leabhar
Teanga:Undetermined
Foilsithe: Hà Nội Nông nghiệp 1984
Ábhair:
Clibeanna: Cuir Clib Leis
Gan Chlibeanna, Bí ar an gcéad duine leis an taifead seo a chlibeáil!
Thư viện lưu trữ: Trung tâm Học liệu Trường Đại học Cần Thơ
LEADER 00525nam a2200169Ia 4500
001 CTU_14339
008 210402s9999 xx 000 0 und d
082 |a 638.2 
082 |b Đ406 
100 |a Trần Thị Đoàn 
245 0 |a Kĩ thuật nuôi tằm thầu dầu lá sắn 
245 0 |c Trần Thị Đoàn, Phạm Minh Hoàng 
260 |a Hà Nội 
260 |b Nông nghiệp 
260 |c 1984 
650 |a sericulture,silkworms 
980 |a Trung tâm Học liệu Trường Đại học Cần Thơ